La décision artificielle: le droit la machine et l'humain

Salvato in:
Dettagli Bibliografici
Autore principale: Bourcier, Daniele
Natura: Libro
Lingua:francese
Pubblicazione: París, Francia Universitaires de France 1995
Serie:Collection les Voies du Droit
Soggetti:
Tags: Aggiungi Tag
Nessun Tag, puoi essere il primo ad aggiungerne!!

MARC

LEADER 00000nam a2200000 a 4500
001 UCZ4415
003 CL-VaPUC
005 20201027001310.0
008 951109e19950000FR |||||||||||||||||fre|d
999 |c 240806  |d 240804 
040 |c Pontificia Universidad Católica de Valparaíso 
082 0 4 |a 340.1 BOU 1995  |2 21 
100 |a Bourcier, Daniele  |9 573392 
245 1 3 |a La décision artificielle: le droit la machine et l'humain 
260 0 3 |a París, Francia  |b Universitaires de France  |c 1995 
300 |a 237 páginas 
490 0 |a Collection les Voies du Droit 
583 |a last modification  |c 19951109 00:00:00  |k Rodrigo Vera 
650 0 |a Filosofía del derecho   |9 255050 
650 7 |a DERECHO  |2 CL-VaPUC  |9 348449 
650 7 |a HOMBRE  |2 CL-VaPUC  |9 262149 
942 |c BK  |2 ddc 
945 |d 19951109 00:00:00  |a rleighto 
952 |0 0  |1 0  |2 ddc  |4 0  |6 340_100000000000000_BOU_1995  |7 0  |8 DER_TF  |9 252842  |a BIBDER  |b BIBDER  |d 2019-11-18  |i 3146243  |l 1  |o 340.1 BOU 1995  |p 3146243  |r 2023-01-25  |s 2020-03-17  |t 1  |w 2019-11-18  |x Ubicación 4to Piso  |y BK  |z Estos recursos deben solicitarse con anticipación  |k DER